Pablo, el pastor

Enregistré dans:
Détails bibliographiques
Auteur principal: Debergé, Pierre (Auteur)
Format: Livre
Langue:espagnol
Publié: Pamplona Verbo Divino 2005
Collection:Cuadernos Bíblicos, 126
Sujets:
Tags: Ajouter un tag
Pas de tags, Soyez le premier à ajouter un tag!

MARC

LEADER 00000nam a2200000 a 4500
001 UCH8809
003 CL-VaPUC
008 091211e20050000SP |||||||||||||||||spa|d
020 |a 848169679X 
082 0 4 |a 227  |b DEB  |2 21 
100 0 |a Debergé, Pierre  |e author  |9 545466 
245 1 0 |a Pablo, el pastor 
300 |a 59 p 
942 |c BK 
945 |d 20091211 00:00:00  |a dcastane 
260 |a Pamplona  |b Verbo Divino  |c 2005 
650 0 |a Biblia  |9 257603 
650 0 |a Nuevo testamento  |9 257604 
650 7 |a SAN PABLO  |2 CL-VaPUC  |9 495815 
650 0 |a Biografías  |9 255210 
650 0 |a Comunidades  |9 337024 
650 7 |a PABLO Y LAS MUJERES  |2 CL-VaPUC  |9 545467 
650 7 |a PABLO Y JESUS  |2 CL-VaPUC  |9 545468 
650 0 |a Textos sagrados   |9 257605 
583 |a last modification  |c 20130402 09:56:22  |k Rodrigo Vera 
490 0 |a Cuadernos Bíblicos, 126 
999 |c 338916  |d 338914 
952 |0 0  |1 0  |4 0  |6 227_000000000000000_DEB_2005  |7 0  |8 A  |9 432207  |a BIBTEO  |b BIBTEO  |d 2019-11-22  |i 4623347  |o 227 DEB 2005  |p 4623347  |r 2025-01-17  |w 2019-11-22  |y BK  |k ICR